[Event "5th Sharjah Masters 2022"]
[Site "Sharjah"]
[Date "2022.05.28"]
[Round "8.24"]
[White "Hovhannisyan, Robert"]
[Black "Muradli, Mahammad"]
[Result "1/2-1/2"]
[WhiteElo "2607"]
[BlackElo "2539"]
[Annotator "TA"]
[PlyCount "141"]
[EventDate "2022.05.21"]
[EventType "swiss"]
[EventCountry "UAE"]
[SourceTitle "playchess.com"]
[Source "ChessBase"]
[SourceQuality "1"]

1. e4 c5 2. Nf3 d6 3. d4 cxd4 4. Nxd4 Nf6 5. Nc3 a6 6. h3 e6 7. g4 h6 8. Bg2 Be7 9. b3 Bd7 10. Bb2 Nc6 11. Nxc6 Bxc6 12. Qe2 Qa5 13. O-O-O b5 14. f4 Rc8 15. a3 b4 16. axb4 Qxb4 17. Kb1 a5 18. Rhe1 O-O 19. g5 hxg5 20. fxg5 Nd7 21. Nd5 Bxd5 22. exd5 e5 23. h4 a4 24. Qe4 Rb8 25. Qxb4 Rxb4 26. Re4 Rfb8 27. Ba3 Rxe4 28. Bxe4 axb3 29. Rd3 bxc2+ 30. Kxc2 g6 31. Rc3 Ra8 32. Bb4 Ra7 33. Rc6 Kg7 34. Kb3 f5 35. gxf6+ Nxf6 36. Bg2 Rb7 37. Ka4 Nd7 38. Bf3 Nb8 39. Rc4 Na6 40. Ba3 Nc7 41. Rg4 Ra7+ 42. Kb3 Nb5 43. Bb2 Ra8 44. Be4 Rh8 45. Bxg6 Rxh4 46. Rxh4 Bxh4 47. Bd3 Nc7 48. Kc4 Kf6 49. Ba3 Ke7 50. Bb4 Bf2 51. Bf5 Be3 52. Bh3 Bg1 53. Bf5 Bf2 54. Bg6 Be3 55. Bf5 Bh6 56. Bh3 Ne8 57. Bg2 Nf6 58. Kd3 Bf4 59. Bf3 Bh2 60. Be1 Nd7 61. Ke4 Nc5+ 62. Kf5 Kd7 63. Be2 Bg1 64. Bf3 Nd3 65. Bd2 Bc5 66. Be2 Nf2 67. Be1 Nh3 68. Bg3 Kc7 69. Bg4 Nf2 70. Bxf2 Bxf2 71. Ke4 1/2-1/2

[Event "5th Sharjah Masters 2022"]
[Site "Sharjah"]
[Date "2022.05.28"]
[Round "8.25"]
[White "Nikolov, Momchil"]
[Black "Ganguly, Surya Shekhar"]
[Result "0-1"]
[WhiteElo "2454"]
[BlackElo "2616"]
[Annotator "TA"]
[PlyCount "45"]
[EventDate "2022.05.21"]
[EventType "swiss"]
[EventCountry "UAE"]
[SourceTitle "playchess.com"]
[Source "ChessBase"]
[SourceQuality "1"]

1. d4 Nf6 2. c4 e6 3. Nc3 Bb4 4. Qc2 O-O 5. e4 d5 6. e5 Ne4 7. Bd3 c5 8. Nf3 cxd4 9. Nxd4 Nd7 10. Bf4 Qh4 11. g3 Qh5 12. cxd5 exd5 13. O-O Nxe5 14. Bxe5 Qxe5 15. Nf3 Qh5 16. Nxd5 Nd2 17. Nxd2 Qxd5 18. Nc4 Qh5 19. a3 Bc5 20. b4 Bd4 21. Rad1 Bf6 22. Be4 Bh3 23. Rfe1 0-1

[Event "5th Sharjah Masters 2022"]
[Site "Sharjah"]
[Date "2022.05.28"]
[Round "8.26"]
[White "Dimakiling, Oliver"]
[Black "Azarov, Sergei"]
[Result "0-1"]
[WhiteElo "2420"]
[BlackElo "2588"]
[Annotator "TA"]
[PlyCount "80"]
[EventDate "2022.05.21"]
[EventType "swiss"]
[EventCountry "UAE"]
[SourceTitle "playchess.com"]
[Source "ChessBase"]
[SourceQuality "1"]

1. d4 Nf6 2. Nf3 e6 3. g3 b6 4. Bg2 Bb7 5. O-O Be7 6. c4 O-O 7. d5 exd5 8. Nh4 c6 9. cxd5 Nxd5 10. Nf5 Nc7 11. e4 d5 12. Nc3 Bf6 13. exd5 cxd5 14. Bf4 Nba6 15. Rc1 Qd7 16. Bh3 Qd8 17. Nd6 Rb8 18. Qa4 Ba8 19. Ncb5 Nc5 20. Qxa7 Nxb5 21. Nxb5 Rb7 22. Qa3 d4 23. Rfd1 Rd7 24. b4 Ne6 25. Bxe6 fxe6 26. Nc7 Rxc7 27. Bxc7 Qd5 28. f3 e5 29. Bxb6 Bg5 30. Rc3 Qb5 31. Bxd4 exd4 32. Rxd4 Qb6 33. Rc5 Be7 34. Qb3+ Kh8 35. Qc4 Bxc5 36. Qxc5 Qxc5 37. bxc5 Bxf3 38. Rf4 Rxf4 39. gxf4 Kg8 40. Kf2 Bc6 0-1

[Event "5th Sharjah Masters 2022"]
[Site "Sharjah"]
[Date "2022.05.28"]
[Round "8.27"]
[White "Moroni, Luca Jr"]
[Black "Mammadzada, Gunay"]
[Result "1-0"]
[WhiteElo "2581"]
[BlackElo "2454"]
[Annotator "TA"]
[PlyCount "153"]
[EventDate "2022.05.21"]
[EventType "swiss"]
[EventCountry "UAE"]
[SourceTitle "playchess.com"]
[Source "ChessBase"]
[SourceQuality "1"]

1. d4 d5 2. Bf4 c5 3. e3 Nc6 4. Nf3 Nf6 5. Nbd2 Bg4 6. c3 e6 7. Qb3 Qc8 8. h3 Bh5 9. g4 Bg6 10. Nh4 Qd7 11. Nxg6 hxg6 12. Be2 Be7 13. Kf1 O-O 14. Kg2 Bd6 15. Bxd6 Qxd6 16. f4 Rfc8 17. Raf1 cxd4 18. exd4 Na5 19. Qd1 b5 20. g5 Ne4 21. Nxe4 dxe4 22. a3 Nc6 23. Qb1 Qd5 24. Bd1 f5 25. gxf6 gxf6 26. h4 Ne7 27. h5 Kg7 28. Bc2 f5 29. Qe1 gxh5 30. Rxh5 Ng6 31. Bd1 Qa2 32. Rg5 Kf6 33. Bh5 Rg8 34. Bxg6 Rxg6 35. Qh4 Rag8 36. Kh1 Kf7 37. Rfg1 Rxg5 38. fxg5 e3 39. Qh7+ Kf8 40. g6 Qd5+ 41. Kh2 e5 42. g7+ Ke7 43. Qxf5 Qe6 44. Qg5+ Qf6 45. Qxe3 Rxg7 46. Rxg7+ Qxg7 47. Qxe5+ Qxe5+ 48. dxe5 Ke6 49. Kg3 Kxe5 50. Kf3 Kd5 51. b3 Ke5 52. Ke3 Kd5 53. Kf4 Ke6 54. Ke4 Kd6 55. Kd4 Kc6 56. Ke5 Kc5 57. Ke6 Kc6 58. Kf5 Kd5 59. Kf4 Ke6 60. Ke4 Kd6 61. Kd4 Kc6 62. a4 bxa4 63. bxa4 Kd6 64. Kc4 Kc6 65. a5 Kd6 66. Kb5 Kc7 67. Kc5 Kd7 68. c4 Kc7 69. Kb5 Kb7 70. c5 Kc7 71. Kc4 Kc6 72. Kd4 Kc7 73. Kd5 Kd7 74. c6+ Kc7 75. Kc5 Kc8 76. Kd6 Kd8 77. c7+ 1-0

[Event "5th Sharjah Masters 2022"]
[Site "Sharjah"]
[Date "2022.05.28"]
[Round "8.28"]
[White "Erdogdu, Mert"]
[Black "Kadric, Denis"]
[Result "1/2-1/2"]
[WhiteElo "2407"]
[BlackElo "2576"]
[Annotator "TA"]
[PlyCount "123"]
[EventDate "2022.05.21"]
[EventType "swiss"]
[EventCountry "UAE"]
[SourceTitle "playchess.com"]
[Source "ChessBase"]
[SourceQuality "1"]

1. e4 c5 2. Nf3 Nc6 3. Bb5 e6 4. O-O Nge7 5. Re1 a6 6. Bf1 b6 7. b3 Ng6 8. Bb2 e5 9. c3 d6 10. d4 Be7 11. Na3 Qc7 12. Nc2 O-O 13. Ne3 Re8 14. a4 Qb7 15. Bc4 Rb8 16. g3 Bf6 17. d5 Nce7 18. h4 h6 19. Be2 b5 20. Nd2 Nf8 21. Bg4 g6 22. Bxc8 Rexc8 23. Qf3 Nh7 24. Ra2 h5 25. axb5 axb5 26. Rea1 Qd7 27. c4 b4 28. Ra6 Bg7 29. Kh2 Rf8 30. Qg2 Bh6 31. Ndf1 f5 32. Qh3 Nf6 33. exf5 Nxf5 34. Nxf5 gxf5 35. f3 Rb7 36. Kh1 f4 37. Qe6+ Qxe6 38. dxe6 Ne8 39. g4 hxg4 40. fxg4 e4 41. Nd2 e3 42. Nf3 Re7 43. g5 Bg7 44. Bxg7 Nxg7 45. Rxd6 Nf5 46. Rd7 Rxe6 47. Kg2 e2 48. Kf2 Rfe8 49. Re1 Ng3 50. Kg2 Re3 51. Rd5 Rxb3 52. Rxc5 Rc3 53. Rc7 Nf5 54. h5 Ne3+ 55. Kf2 Ng4+ 56. Kg2 Ree3 57. Rc8+ Kf7 58. g6+ Kg7 59. Rc7+ Kg8 60. Rc8+ Kg7 61. Rc7+ Kg8 62. Rc8+ 1/2-1/2

[Event "5th Sharjah Masters 2022"]
[Site "Sharjah"]
[Date "2022.05.28"]
[Round "8.29"]
[White "Suleymanli, Aydin"]
[Black "Badelka, Olga"]
[Result "1-0"]
[WhiteElo "2537"]
[BlackElo "2453"]
[Annotator "TA"]
[PlyCount "79"]
[EventDate "2022.05.21"]
[EventType "swiss"]
[EventCountry "UAE"]
[SourceTitle "playchess.com"]
[Source "ChessBase"]
[SourceQuality "1"]

1. d4 Nf6 2. c4 e6 3. Nf3 d5 4. Nc3 c6 5. e3 Nbd7 6. Qc2 Bd6 7. g4 h6 8. Rg1 Qe7 9. h4 dxc4 10. Bxc4 Nd5 11. g5 N7b6 12. Bb3 hxg5 13. hxg5 Bd7 14. Ne4 Bb4+ 15. Bd2 O-O-O 16. a4 Kb8 17. a5 Nc8 18. a6 Bxd2+ 19. Qxd2 b6 20. Ne5 Be8 21. Ba4 Nd6 22. Ng3 f6 23. gxf6 gxf6 24. Nxc6+ Bxc6 25. Bxc6 Nc4 26. Qe2 Qb4+ 27. Kf1 Ne7 28. Bb7 Nd2+ 29. Kg2 Nf5 30. Rh1 Nh4+ 31. Kg1 f5 32. Rd1 Ne4 33. Bxe4 fxe4 34. Qg4 Nf3+ 35. Kg2 Rxh1 36. Rxh1 Qe7 37. Qxe4 Ng5 38. Qe5+ Ka8 39. Rh6 Rg8 40. Rg6 1-0

[Event "5th Sharjah Masters 2022"]
[Site "Sharjah"]
[Date "2022.05.28"]
[Round "8.30"]
[White "Zawadzka, Jolanta"]
[Black "Aditya Mittal"]
[Result "0-1"]
[WhiteElo "2409"]
[BlackElo "2490"]
[Annotator "TA"]
[PlyCount "65"]
[EventDate "2022.05.21"]
[EventType "swiss"]
[EventCountry "UAE"]
[SourceTitle "playchess.com"]
[Source "ChessBase"]
[SourceQuality "1"]

1. e4 c5 2. Nf3 d6 3. d4 cxd4 4. Nxd4 Nf6 5. Nc3 a6 6. Be3 e5 7. Nb3 Be7 8. h3 Be6 9. f4 exf4 10. Bxf4 Nc6 11. Qe2 Nd7 12. O-O-O Nce5 13. Kb1 O-O 14. g4 Re8 15. Nd4 Rc8 16. Qe3 Qc7 17. g5 b5 18. Qf2 Nb6 19. Nf5 Bf8 20. Be3 Rb8 21. Bd4 b4 22. Bxe5 bxc3 23. Bxc3 Na4 24. Kc1 Nxc3 25. bxc3 Qxc3 26. Rd3 Qb2+ 27. Kd2 d5 28. Qd4 dxe4 29. Qxb2 Rxb2 30. Nd6 Rxc2+ 31. Ke3 exd3 32. Nxe8 Rc8 33. Kd4 0-1

[Event "5th Sharjah Masters 2022"]
[Site "Sharjah"]
[Date "2022.05.28"]
[Round "8.31"]
[White "Ortega Amarelle, Mariano"]
[Black "Haznedaroglu, Kivanc"]
[Result "0-1"]
[WhiteElo "2476"]
[BlackElo "2425"]
[Annotator "TA"]
[PlyCount "114"]
[EventDate "2022.05.21"]
[EventType "swiss"]
[EventCountry "UAE"]
[SourceTitle "playchess.com"]
[Source "ChessBase"]
[SourceQuality "1"]

1. d4 Nf6 2. c4 e6 3. Nc3 Bb4 4. Qc2 O-O 5. e4 e5 6. dxe5 Ng4 7. Be2 Nxe5 8. f4 Nec6 9. Nf3 d6 10. O-O Bg4 11. Nd5 Bc5+ 12. Kh1 Nd7 13. Bd2 a5 14. a3 Re8 15. b4 axb4 16. axb4 Rxa1 17. Rxa1 Nd4 18. Nxd4 Bxd4 19. Re1 Bxe2 20. Rxe2 c6 21. Qd3 Ba7 22. Nc3 Nf6 23. h3 h5 24. Re1 h4 25. g4 hxg3 26. Qxg3 Nh5 27. Qg4 g6 28. Re2 Bd4 29. f5 Qf6 30. Rg2 Kh7 31. Ne2 Be5 32. Ng1 d5 33. cxd5 cxd5 34. Nf3 dxe4 35. Ng5+ Kh8 36. Qxe4 Re7 37. Qg4 Qxf5 38. Qxf5 gxf5 39. Nf3 Ng3+ 40. Kg1 Bc7 41. Bc3+ Kh7 42. Be5 Bxe5 43. Nxe5 Rxe5 44. Rxg3 Re1+ 45. Kf2 Rb1 46. Rg5 Rxb4 47. Rxf5 Kg6 48. Rd5 f5 49. Rd3 b5 50. Kf3 Kg5 51. Re3 Rh4 52. Ke2 Re4 53. Rxe4 fxe4 54. h4+ Kf5 55. h5 b4 56. Kd2 b3 57. h6 Ke5 0-1

[Event "5th Sharjah Masters 2022"]
[Site "Sharjah"]
[Date "2022.05.28"]
[Round "8.32"]
[White "Mastrovasilis, Athanasios"]
[Black "Al Hosani, Omran"]
[Result "1-0"]
[WhiteElo "2540"]
[BlackElo "2191"]
[Annotator "TA"]
[PlyCount "81"]
[EventDate "2022.05.21"]
[EventType "swiss"]
[EventCountry "UAE"]
[SourceTitle "playchess.com"]
[Source "ChessBase"]
[SourceQuality "1"]

1. Nf3 c5 2. c3 d5 3. d4 e6 4. Bf4 Nf6 5. e3 Bd6 6. Bg3 Qc7 7. dxc5 Qxc5 8. Nbd2 O-O 9. Bd3 Qc7 10. c4 Bxg3 11. hxg3 Rd8 12. Rc1 Nc6 13. cxd5 exd5 14. Nd4 h6 15. Qa4 Bd7 16. Nxc6 Bxc6 17. Qd4 Ne4 18. b4 Qd7 19. Nb3 Bb5 20. Bxe4 dxe4 21. Qxd7 Rxd7 22. Rh5 Bd3 23. Rhc5 b6 24. Rc8+ Rxc8 25. Rxc8+ Kh7 26. a4 Ba6 27. Rc3 Rd3 28. Rxd3 Bxd3 29. Nd4 h5 30. Nc6 a5 31. bxa5 bxa5 32. Kd2 Bf1 33. Nxa5 g5 34. Nb7 h4 35. Nd6 Kg6 36. a5 Bxg2 37. a6 h3 38. a7 h2 39. a8=Q h1=Q 40. Qg8+ Kh5 41. Nxf7 1-0

[Event "5th Sharjah Masters 2022"]
[Site "Sharjah"]
[Date "2022.05.28"]
[Round "8.33"]
[White "Kamalidenova, Meruert"]
[Black "Gharibyan, Mamikon"]
[Result "0-1"]
[WhiteElo "2408"]
[BlackElo "2487"]
[Annotator "TA"]
[PlyCount "110"]
[EventDate "2022.05.21"]
[EventType "swiss"]
[EventCountry "UAE"]
[SourceTitle "playchess.com"]
[Source "ChessBase"]
[SourceQuality "1"]

1. c4 e5 2. Nc3 Bb4 3. g3 Nf6 4. e4 Bxc3 5. dxc3 d6 6. f3 Be6 7. Nh3 a5 8. a4 Na6 9. Nf2 Nd7 10. b3 f5 11. Bg2 O-O 12. exf5 Bxf5 13. O-O Nac5 14. Be3 Kh8 15. Ra2 Ne6 16. b4 Qe7 17. Re1 Qf7 18. Rb2 b6 19. Ne4 Nf6 20. Rf2 Bxe4 21. fxe4 Qe7 22. Rd2 Qe8 23. Ra2 Qg6 24. Bc1 Ra7 25. Bh3 Qf7 26. Rf1 Raa8 27. Qd3 Qe7 28. Be3 Nd8 29. c5 bxc5 30. bxc5 Nb7 31. cxd6 cxd6 32. Rd1 Nc5 33. Qxd6 Qf7 34. Rc2 Ncxe4 35. Qxe5 Rae8 36. Qd4 Qh5 37. Kg2 Ng4 38. Re1 Nxh2 39. Kxh2 Ng5 40. Bxg5 Rxe1 41. Bf4 Rfe8 42. Rg2 h6 43. g4 Qg6 44. Bg3 Ra1 45. Rb2 Re4 46. Qd8+ Kh7 47. Qxa5 Rexa4 48. Qd5 Ra5 49. Qc4 R1a4 50. Qe2 h5 51. gxh5 Rxh5 52. Qf3 Raa5 53. Kg2 Rag5 54. Kh2 Rf5 55. Qe3 Qg4 0-1

[Event "5th Sharjah Masters 2022"]
[Site "Sharjah"]
[Date "2022.05.28"]
[Round "8.34"]
[White "Buksa, Nataliya"]
[Black "Assaubayeva, Bibisara"]
[Result "0-1"]
[WhiteElo "2406"]
[BlackElo "2439"]
[Annotator "TA"]
[PlyCount "74"]
[EventDate "2022.05.21"]
[EventType "swiss"]
[EventCountry "UAE"]
[SourceTitle "playchess.com"]
[Source "ChessBase"]
[SourceQuality "1"]

1. e4 c5 2. Nf3 d6 3. d4 cxd4 4. Nxd4 Nf6 5. Nc3 a6 6. Bg5 e6 7. f4 Nbd7 8. Qe2 Qc7 9. Qc4 Qxc4 10. Bxc4 b5 11. Bd3 Bb7 12. a3 Rc8 13. O-O-O Rxc3 14. bxc3 Nxe4 15. Rde1 Nxc3 16. Kd2 Na4 17. c4 bxc4 18. Bxc4 d5 19. Rb1 Nab6 20. Bd3 Bxa3 21. f5 O-O 22. fxe6 fxe6 23. Nxe6 Rf2+ 24. Ke3 Rxg2 25. Rhg1 d4+ 26. Nxd4 Rxh2 27. Ne6 Bb2 28. Nf4 Ba3 29. Ne6 Bd5 30. Nd4 Bc5 31. Bf5 Ne5 32. Rbd1 Nbc4+ 33. Kf4 Bxd4 34. Rxd4 Rf2+ 35. Kg3 Rf3+ 36. Kh4 Rxf5 37. Rgd1 Nf3+ 0-1

[Event "5th Sharjah Masters 2022"]
[Site "Sharjah"]
[Date "2022.05.28"]
[Round "8.35"]
[White "Vogt, Lothar"]
[Black "Baenziger, Fabian"]
[Result "1/2-1/2"]
[WhiteElo "2365"]
[BlackElo "2430"]
[Annotator "TA"]
[PlyCount "29"]
[EventDate "2022.05.21"]
[EventType "swiss"]
[EventCountry "UAE"]
[SourceTitle "playchess.com"]
[Source "ChessBase"]
[SourceQuality "1"]

1. e4 c5 2. Nf3 d6 3. d4 cxd4 4. Nxd4 Nf6 5. Nc3 a6 6. g3 e5 7. Nde2 Be7 8. Bg2 O-O 9. O-O b5 10. Nd5 Nbd7 11. Nec3 Nb6 12. Be3 Nfxd5 13. Nxd5 Nxd5 14. Qxd5 Rb8 15. b3 1/2-1/2

[Event "5th Sharjah Masters 2022"]
[Site "Sharjah"]
[Date "2022.05.28"]
[Round "8.36"]
[White "Ivic, Velimir"]
[Black "Begmuratov, Khumoyun"]
[Result "1-0"]
[WhiteElo "2623"]
[BlackElo "2384"]
[Annotator "TA"]
[PlyCount "97"]
[EventDate "2022.05.21"]
[EventType "swiss"]
[EventCountry "UAE"]
[SourceTitle "playchess.com"]
[Source "ChessBase"]
[SourceQuality "1"]

1. d4 Nf6 2. c4 g6 3. Nc3 Bg7 4. e4 d6 5. Nf3 O-O 6. Be2 e5 7. O-O exd4 8. Nxd4 Re8 9. f3 Nc6 10. Be3 a5 11. Qd2 Nd7 12. Ndb5 Ncb8 13. Rad1 Na6 14. f4 b6 15. e5 Bb7 16. exd6 c6 17. Nd4 Nac5 18. Bf3 Rc8 19. Nb3 Nxb3 20. axb3 f5 21. Qf2 Ba8 22. Rd3 Rb8 23. Rfd1 Re6 24. h3 h5 25. c5 bxc5 26. Na4 Bb7 27. Nxc5 Nxc5 28. Bxc5 Qd7 29. Re3 Rxe3 30. Qxe3 Bf6 31. Qd2 Bc8 32. Be2 a4 33. Bc4+ Kh7 34. bxa4 Rxb2 35. Qd3 g5 36. Bd4 Bxd4+ 37. Qxd4 Rc2 38. Re1 Rxc4 39. Qxc4 Qxd6 40. Qf7+ Kh6 41. fxg5+ Kxg5 42. Qg8+ Kh4 43. Qxc8 Qd4+ 44. Kh1 f4 45. Qf5 c5 46. Rf1 f3 47. g3+ Kxg3 48. Rxf3+ Kh4 49. Rf4+ 1-0

[Event "5th Sharjah Masters 2022"]
[Site "Sharjah"]
[Date "2022.05.28"]
[Round "8.37"]
[White "Msellek, Ilyass"]
[Black "Gunina, Valentina"]
[Result "0-1"]
[WhiteElo "2411"]
[BlackElo "2471"]
[Annotator "TA"]
[PlyCount "84"]
[EventDate "2022.05.21"]
[EventType "swiss"]
[EventCountry "UAE"]
[SourceTitle "playchess.com"]
[Source "ChessBase"]
[SourceQuality "1"]

1. e4 c6 2. d4 d5 3. e5 c5 4. Nf3 cxd4 5. Nxd4 e6 6. Nd2 Nc6 7. N2f3 Nge7 8. Bd3 Ng6 9. Nxc6 bxc6 10. h4 Qc7 11. Qe2 c5 12. h5 Ne7 13. c4 h6 14. Bd2 Rb8 15. b3 dxc4 16. Bxc4 Bb7 17. Rc1 Nf5 18. Bb5+ Bc6 19. Bxc6+ Qxc6 20. Rh3 Rd8 21. Qc4 Rd5 22. g4 Ne7 23. Be3 Nc8 24. Kf1 Be7 25. a4 Nb6 26. Qa6 Qc7 27. b4 O-O 28. a5 Nd7 29. Bf4 Rb8 30. b5 c4 31. Qc6 Qxa5 32. Rxc4 Nb6 33. Qc7 Rc8 34. Qxe7 Qxb5 35. Kg2 Qxc4 36. Bxh6 gxh6 37. Qf6 Nd7 38. Qxh6 Nxe5 39. Ng5 Rd1 40. Rf3 Qf1+ 41. Kg3 Qg1+ 42. Kf4 Qxg4+ 0-1

[Event "5th Sharjah Masters 2022"]
[Site "Sharjah"]
[Date "2022.05.28"]
[Round "8.38"]
[White "Injac, Teodora"]
[Black "Aziz, Husain"]
[Result "1-0"]
[WhiteElo "2384"]
[BlackElo "2379"]
[Annotator "TA"]
[PlyCount "77"]
[EventDate "2022.05.21"]
[EventType "swiss"]
[EventCountry "UAE"]
[SourceTitle "playchess.com"]
[Source "ChessBase"]
[SourceQuality "1"]

1. d4 d5 2. c4 e6 3. Nf3 Nf6 4. g3 Be7 5. Bg2 O-O 6. O-O dxc4 7. Qc2 a6 8. a4 Bd7 9. Qxc4 Bc6 10. Bg5 Bd5 11. Qc2 Be4 12. Qc1 Nc6 13. e3 Nb4 14. Nc3 Bc6 15. Rd1 a5 16. h4 Ng4 17. e4 Bxg5 18. Qxg5 Qxg5 19. hxg5 f5 20. gxf6 gxf6 21. Bh3 h5 22. Nh4 f5 23. d5 exd5 24. exd5 Bd7 25. Ne2 Kg7 26. Rac1 Bxa4 27. Rxc7+ Rf7 28. Nxf5+ Kf8 29. Rxf7+ Kxf7 30. Rd4 Ne5 31. Bg2 Rd8 32. Nf4 Bb3 33. Ne6 Rxd5 34. Bxd5 Bxd5 35. Ng5+ Kf6 36. Ne3 Kxg5 37. f4+ Kf6 38. Nxd5+ Nxd5 39. Rxd5 1-0

[Event "5th Sharjah Masters 2022"]
[Site "Sharjah"]
[Date "2022.05.28"]
[Round "8.39"]
[White "Farahat, Ali"]
[Black "Hesham, Abdelrahman"]
[Result "0-1"]
[WhiteElo "2381"]
[BlackElo "2412"]
[Annotator "TA"]
[PlyCount "76"]
[EventDate "2022.05.21"]
[EventType "swiss"]
[EventCountry "UAE"]
[SourceTitle "playchess.com"]
[Source "ChessBase"]
[SourceQuality "1"]

1. e4 c5 2. Nf3 d6 3. c3 Nf6 4. h3 Nc6 5. Bd3 e5 6. Bc2 d5 7. exd5 Qxd5 8. Qe2 Be6 9. d3 h6 10. Bb3 Qd6 11. Na3 O-O-O 12. Nc4 Qc7 13. O-O Bd6 14. Be3 Nd5 15. Ba4 f6 16. Nxd6+ Qxd6 17. Rfd1 g5 18. Nd2 Nf4 19. Bxf4 gxf4 20. Ne4 Qe7 21. Bxc6 bxc6 22. d4 c4 23. dxe5 fxe5 24. b3 Rhg8 25. Rxd8+ Kxd8 26. Rd1+ Kc7 27. Qh5 Bd5 28. f3 Kb6 29. b4 Bxe4 30. fxe4 Rg3 31. Qxh6 Rxc3 32. Rd6 Kb5 33. Rxc6 Kxb4 34. Qh8 Rc1+ 35. Kh2 Kc3 36. Qb8 Kd3 37. Qb2 Re1 38. Ra6 Qc5 0-1

[Event "5th Sharjah Masters 2022"]
[Site "Sharjah"]
[Date "2022.05.29"]
[Round "9.2"]
[White "Salem, A.R. Saleh"]
[Black "Deac, Bogdan-Daniel"]
[Result "1-0"]
[WhiteElo "2690"]
[BlackElo "2671"]
[Annotator "TA"]
[PlyCount "57"]
[EventDate "2022.05.21"]
[EventType "swiss"]
[EventCountry "UAE"]
[SourceTitle "playchess.com"]
[Source "ChessBase"]
[SourceQuality "1"]

1. d4 Nf6 2. c4 e6 3. Nc3 Bb4 4. e3 c5 5. Bd3 d5 6. cxd5 Nxd5 7. Nge2 cxd4 8. exd4 Nc6 9. O-O O-O 10. Re1 Be7 11. Bc2 Bf6 12. a3 Nce7 13. Ng3 b6 14. Nh5 Bb7 15. Nxd5 Nxd5 16. Qg4 g6 17. Bh6 Re8 18. Ba4 Re7 19. Nxf6+ Nxf6 20. Qh4 Rc7 21. Bg5 Qd5 22. f3 Nh5 23. Re5 Qd6 24. Rd1 Rc4 25. Bb5 Rc5 26. Be7 Rxe5 27. Bxd6 Rxb5 28. Qe7 Ba6 29. Rc1 1-0

[Event "5th Sharjah Masters 2022"]
[Site "Sharjah"]
[Date "2022.05.29"]
[Round "9.3"]
[White "Martirosyan, Haik M."]
[Black "Can, Emre"]
[Result "1-0"]
[WhiteElo "2652"]
[BlackElo "2599"]
[Annotator "TA"]
[PlyCount "99"]
[EventDate "2022.05.21"]
[EventType "swiss"]
[EventCountry "UAE"]
[SourceTitle "playchess.com"]
[Source "ChessBase"]
[SourceQuality "1"]

1. d4 d5 2. c4 e6 3. Nf3 Nf6 4. Nc3 c6 5. Bg5 dxc4 6. e4 b5 7. e5 h6 8. Bh4 g5 9. Nxg5 hxg5 10. Bxg5 Be7 11. exf6 Bxf6 12. Be3 Na6 13. a4 Nb4 14. axb5 Bxd4 15. Bxd4 Qxd4 16. Qxd4 Nc2+ 17. Kd1 Nxd4 18. b6 a5 19. Bxc4 c5 20. Ne4 Rb8 21. Nxc5 Rxb6 22. Kd2 Rxb2+ 23. Kc3 Rxf2 24. Kxd4 e5+ 25. Kc3 Rxg2 26. Rxa5 Rh3+ 27. Nd3 Be6 28. Bxe6 fxe6 29. Ra8+ Kf7 30. Rf1+ Kg7 31. Ra7+ Kg6 32. Re7 Rgxh2 33. Rxe6+ Kg7 34. Re7+ Kg6 35. Rxe5 Ra2 36. Rd5 Ra6 37. Kc4 Rh4+ 38. Kb5 Ra7 39. Ne5+ Kh7 40. Nd7 Kg7 41. Rg1+ Kf7 42. Rf5+ Ke6 43. Re5+ Kf7 44. Rf1+ Kg7 45. Re7+ Kh6 46. Rf6+ Kg5 47. Rg7+ Kh5 48. Rf1 Kh6 49. Rfg1 Rf4 50. R7g6+ 1-0

[Event "5th Sharjah Masters 2022"]
[Site "Sharjah"]
[Date "2022.05.29"]
[Round "9.4"]
[White "Chigaev, Maksim"]
[Black "Tabatabaei, M. Amin"]
[Result "1/2-1/2"]
[WhiteElo "2631"]
[BlackElo "2650"]
[Annotator "TA"]
[PlyCount "39"]
[EventDate "2022.05.21"]
[EventType "swiss"]
[EventCountry "UAE"]
[SourceTitle "playchess.com"]
[Source "ChessBase"]
[SourceQuality "1"]

1. d4 d5 2. c4 c6 3. cxd5 cxd5 4. Bf4 Nc6 5. e3 Nf6 6. Nc3 Bf5 7. Qb3 Na5 8. Qa4+ Bd7 9. Bb5 e6 10. Nf3 a6 11. Bxd7+ Nxd7 12. O-O b5 13. Qc2 Be7 14. Qd3 O-O 15. a4 b4 16. Ne2 Qb6 17. Rac1 Rfc8 18. b3 Qb7 19. h3 h6 20. Ne5 1/2-1/2

[Event "5th Sharjah Masters 2022"]
[Site "Sharjah"]
[Date "2022.05.29"]
[Round "9.5"]
[White "Mchedlishvili, Mikheil"]
[Black "Sargissian, Gabriel"]
[Result "0-1"]
[WhiteElo "2595"]
[BlackElo "2694"]
[Annotator "TA"]
[PlyCount "154"]
[EventDate "2022.05.21"]
[EventType "swiss"]
[EventCountry "UAE"]
[SourceTitle "playchess.com"]
[Source "ChessBase"]
[SourceQuality "1"]

1. e4 e5 2. Nf3 Nc6 3. d4 exd4 4. Nxd4 Nf6 5. Nxc6 bxc6 6. e5 Qe7 7. Qe2 Nd5 8. h4 Qe6 9. Nd2 a5 10. g3 Nb4 11. Nf3 Ba6 12. c4 Qg6 13. Kd1 c5 14. a3 Nc6 15. Bd2 Be7 16. Bc3 O-O 17. h5 Qe6 18. Qe4 f5 19. Qd5 Nd8 20. Nd2 Bb7 21. Bg2 Bxd5 22. Bxd5 a4 23. f4 Nc6 24. Nf3 Rfd8 25. Kc2 Kf8 26. Bxe6 dxe6 27. Rad1 Rxd1 28. Rxd1 Ke8 29. Ne1 Ra7 30. Ng2 Rb7 31. Rd3 Rb3 32. Ne1 Rb7 33. Nf3 Rb8 34. Be1 Rb7 35. Bf2 Na5 36. Nd2 Rb8 37. Bg1 g6 38. hxg6 hxg6 39. Be3 Rb7 40. Rc3 Rb8 41. b3 axb3+ 42. Nxb3 Nb7 43. Rd3 Ra8 44. Bc1 Nd8 45. Kb2 Ra4 46. Rc3 Kd7 47. Rd3+ Ke8 48. Rc3 Kd7 49. Be3 Nb7 50. Rc1 Ke8 51. Rc2 Kd7 52. Bc1 Nd8 53. Kc3 Nf7 54. Rh2 g5 55. Rh7 Ke8 56. Nd2 gxf4 57. gxf4 Nd8 58. Nb3 Nc6 59. Bb2 Kd8 60. Kd3 Ke8 61. Bc1 Kd8 62. Rh2 Nd4 63. Kc3 Kd7 64. Rd2 Kc6 65. Nxd4+ cxd4+ 66. Kb3 Ra8 67. Rxd4 Rb8+ 68. Kc2 Rg8 69. Rd3 Bc5 70. Bd2 Rg1 71. Kb2 Rg2 72. Kb3 Rg1 73. a4 Ra1 74. a5 Ra3+ 75. Kc2 Ra2+ 76. Kd1 Ra4 77. Rb3 Rxc4 0-1

[Event "5th Sharjah Masters 2022"]
[Site "Sharjah"]
[Date "2022.05.29"]
[Round "9.7"]
[White "Gukesh D"]
[Black "Abasov, Nijat"]
[Result "1-0"]
[WhiteElo "2659"]
[BlackElo "2635"]
[Annotator "TA"]
[PlyCount "83"]
[EventDate "2022.05.21"]
[EventType "swiss"]
[EventCountry "UAE"]
[SourceTitle "playchess.com"]
[Source "ChessBase"]
[SourceQuality "1"]

1. d4 Nf6 2. c4 e6 3. Nf3 d5 4. Nc3 dxc4 5. e4 Bb4 6. Bxc4 Nxe4 7. O-O Nf6 8. Qa4+ Nc6 9. Ne5 Rb8 10. Rd1 O-O 11. Nxc6 bxc6 12. Qxa7 Bd7 13. Qa4 Bd6 14. Qc2 h6 15. h3 Qe7 16. b3 c5 17. dxc5 Bxc5 18. Ne4 Nxe4 19. Qxe4 Bb5 20. Bb2 Bxc4 21. Qxc4 Bd6 22. Bc3 e5 23. a4 Kh7 24. a5 f5 25. a6 e4 26. Re1 Bc5 27. Bd4 Bxd4 28. Qxd4 Rfd8 29. Qc3 c5 30. Ra5 Rd5 31. Qc4 Re5 32. Qc1 Ra8 33. Qf4 g5 34. Qd2 Kg6 35. a7 c4 36. Ra6+ Kh7 37. Qd4 cxb3 38. Qb6 Qg7 39. Rc1 b2 40. Rc6 b1=Q+ 41. Qxb1 Rxa7 42. Rxh6+ 1-0